00546nam a2200181Ia 4500020002200000082001800022100001800040245005100058260002800109300001300137440002700150504003600177650002500213650003500238650003400273650003900307700001800346 a978-0-415-40769-4 a320.954 DES-S aDesai, Manali 0aState formation and radical democracy in India aLondonbRoutledgec2007 axii, 185 aAsia's transformations aincludes bibliography and index aSocial changezIndia aIndiavPolitics and government aKerala (India)vSocial policy aWest Bengal (India)vSocial policy aSelden, Mark